| 000 | 01484cam a2200385 a 4500 | ||
|---|---|---|---|
| 003 | CHAP | ||
| 005 | 20220329142322.0 | ||
| 008 | 000620d1999 mx r 10100 spa d | ||
| 010 | _a81616 | ||
| 011 | _a82588 | ||
| 035 | _a93087 | ||
| 040 | _cCHAP | ||
| 082 | 0 | 4 |
_a634.928 _bC52 |
| 111 | 0 | 0 |
_aCiclo de Conferencias "La Investigación y Educación Forestal en México _d(1999 : _cMéxico, D.F.) _923051 |
| 245 | 1 | 0 |
_aMemoria _c/por Secretaría de Medio Ambiente, Recursos Naturales y Pesca |
| 260 |
_aMéxico, D.F. : _bSecretaría de Medio Ambiente, Recursos Naturales y Pesca, _c1999. |
||
| 300 | _a140 p. | ||
| 590 |
_aBATCH-UPD _b10 _c20130110 _lUCH01 _h0345 |
||
| 590 |
_aBATCH-UPD _b10 _c20130110 _lUCH01 _h1924 |
||
| 590 |
_aBATCH-UPD _b10 _c20130410 _lUCH01 _h0018 |
||
| 590 |
_aBATCH-UPD _b10 _c20130410 _lUCH01 _h1608 |
||
| 590 |
_aBATCH-UPD _b10 _c20130914 _lUCH01 _h0721 |
||
| 590 |
_aCONVERSION _b10 _c20130109 _lUCH01 _h1345 |
||
| 650 | 1 | 4 |
_aBosques _xAdministración _zMéxico. _914040 |
| 650 | 1 | 4 |
_aBosques _xCongresos. _914116 |
| 650 | 1 | 4 |
_aBosques _xInvestigación _xMéxico. _914301 |
| 650 | 1 | 4 |
_aRecursos forestales _zMéxico. _995075 |
| 650 | 1 | 4 |
_aRecursos genéticos _xCongresos. _995080 |
| 650 | 1 | 4 |
_aSilvicultura _xPublicaciones periódicas. _9106124 |
| 901 | _aBK | ||
| 905 | _aAlejandra Carrasco M. | ||
| 942 | _cLIBRO | ||
| 949 |
_a634.928 C52 _bBC _cCONG _d930872 _eCONG _fc.2 _h98235 _i93087 _st |
||
| 949 |
_a634.928 C52 _bBC _cLIBRO _d33724000799656 _eLIBRO _h98234 _i93087 _si |
||
| 999 |
_c81616 _d81616 |
||